[Event "South-America-chT U14 22th"]
[Site "Medellin"]
[Date "2016.12.15"]
[Round "5.3"]
[White "Mayeregger, Arnold"]
[Black "Sandoval Blanco, Sebastian"]
[Result "1-0"]
[WhiteElo "1751"]
[BlackElo "1823"]
[PlyCount "38"]
[EventDate "2016.12.12"]
[EventType "team-tourn"]
[EventRounds "9"]
[EventCountry "COL"]
[SourceTitle "EXT 2024"]
[Source "ChessBase"]
[SourceDate "2023.10.10"]
[SourceVersion "1"]
[SourceVersionDate "2023.10.10"]
[SourceQuality "1"]
[WhiteTeam "Paraguay"]
[BlackTeam "Chile"]
[WhiteTeamCountry "PAR"]
[BlackTeamCountry "CHI"]

1. e4 e5 2. Nc3 Nf6 3. Bc4 d6 4. Nge2 c6 5. 0-0 Be7 6. a4 0-0 7. d4 Nbd7 8. Ba2 Qc7 9. Ng3 Re8 10. Be3 Bf8 11. Qf3 g6 12. Qd1 Bg7 13. f4 b6 14. f5 exd4 15. Bxd4 Ne5 16. h4 Ba6 17. Rf2 c5 18. Bxe5 Rxe5 19. Nd5 Rf8 1-0

[Event "South-America-chT U14 22th"]
[Site "Medellin"]
[Date "2016.12.14"]
[Round "3.3"]
[White "Prado, Ignacio"]
[Black "Sandoval Blanco, Sebastian"]
[Result "0-1"]
[WhiteElo "1660"]
[BlackElo "1823"]
[PlyCount "108"]
[EventDate "2016.12.12"]
[EventType "team-tourn"]
[EventRounds "9"]
[EventCountry "COL"]
[SourceTitle "EXT 2024"]
[Source "ChessBase"]
[SourceDate "2023.10.10"]
[SourceVersion "1"]
[SourceVersionDate "2023.10.10"]
[SourceQuality "1"]
[WhiteTeam "Argentina"]
[BlackTeam "Chile"]
[WhiteTeamCountry "ARG"]
[BlackTeamCountry "CHI"]

1. c4 Nf6 2. g3 c6 3. Bg2 d5 4. cxd5 cxd5 5. d4 Bf5 6. Nc3 e6 7. Nf3 Bd6 8. 0-0 Nc6 9. a3 0-0 10. b4 Rc8 11. Bb2 Bg6 12. Nh4 Qd7 13. Nxg6 hxg6 14. Re1 Rfd8 15. Rc1 a5 16. Na4 Qe7 17. b5 Na7 18. Qd3 Qe8 19. Nc3 Be7 20. e4 dxe4 21. Bxe4 Nxe4 22. Rxe4 Qd7 23. Rd1 Bf6 24. a4 Qd6 25. Na2 b6 26. Ba3 Qd5 27. Nc1 Rc4 28. Ne2 Rdc8 29. Bb2 g5 30. Ra1 Rb4 31. Nc3 Qb3 32. Re2 Rxd4 33. Qc2 Qxc2 34. Rxc2 Rdc4 35. Rac1 g4 36. Kf1 Bg5 37. Rd1 Rxa4 38. Nxa4 Rxc2 39. Bd4 Nxb5 40. Nxb6 Nxd4 41. Rxd4 Rb2 42. Na4 Rb4 43. Rxb4 axb4 44. Ke2 f5 45. Nc5 Kf7 46. Kd3 Bf6 47. Kc4 Bc3 48. Nd3 Kf6 49. Nxb4 Bxb4 50. Kxb4 Ke5 51. Kc3 Ke4 52. Kc4 e5 53. Kc5 Kf3 54. Kd5 e4 0-1

[Event "South-America-chT U14 22th"]
[Site "Medellin"]
[Date "2016.12.13"]
[Round "2.3"]
[White "Sandoval Blanco, Sebastian"]
[Black "Castro Silva, Moises Antonio"]
[Result "1-0"]
[WhiteElo "1823"]
[BlackElo "1781"]
[PlyCount "93"]
[EventDate "2016.12.12"]
[EventType "team-tourn"]
[EventRounds "9"]
[EventCountry "COL"]
[SourceTitle "EXT 2024"]
[Source "ChessBase"]
[SourceDate "2023.10.10"]
[SourceVersion "1"]
[SourceVersionDate "2023.10.10"]
[SourceQuality "1"]
[WhiteTeam "Chile"]
[BlackTeam "Venezuela"]
[WhiteTeamCountry "CHI"]
[BlackTeamCountry "VEN"]

1. e4 c5 2. Nf3 e6 3. d4 cxd4 4. Nxd4 Nc6 5. Nc3 Qc7 6. Be3 a6 7. Be2 Nf6 8. 0-0 Bb4 9. f3 0-0 10. a3 Bc5 11. Qd2 Nxd4 12. Bxd4 Bxd4+ 13. Qxd4 d5 14. e5 Nd7 15. f4 Qb6 16. Rfd1 f6 17. exf6 Rxf6 18. g3 Qxd4+ 19. Rxd4 b6 20. Bg4 Bb7 21. Re1 Kf7 22. Ne4 e5 23. Nxf6 gxf6 24. Rd2 Rd8 25. Bxd7 Rxd7 26. fxe5 Re7 27. Rde2 f5 28. c3 Ke6 29. Rf2 Bc8 30. Rf4 Bd7 31. Rh4 Bc6 32. Rh6+ Kd7 33. Rf6 Kc7 34. Rxf5 Bd7 35. Rf6 Be6 36. Kf2 Kc6 37. Ke3 Kc5 38. Kf4 Kc4 39. Re2 Kb3 40. g4 Kc4 41. h4 Kb5 42. h5 Bg8 43. g5 Bf7 44. g6 hxg6 45. hxg6 Be6 46. Rxe6 Rxe6 47. Kf5 1-0

[Event "South America-ch U14 13th"]
[Site "Santiago de Chile"]
[Date "2016.12.04"]
[Round "5"]
[White "Miranda Ramirez, Gonzalo Andres"]
[Black "Sandoval Blanco, Sebastian"]
[Result "1-0"]
[WhiteElo "1486"]
[BlackElo "1823"]
[PlyCount "75"]
[EventDate "2016.12.01"]
[EventType "swiss"]
[EventRounds "9"]
[EventCountry "CHI"]
[SourceTitle "EXT 2018"]
[Source "ChessBase"]
[SourceDate "2017.10.13"]
[SourceVersion "1"]
[SourceVersionDate "2017.10.13"]
[SourceQuality "1"]

1. e4 c5 2. Nf3 d6 3. d4 cxd4 4. Nxd4 Nf6 5. Nc3 a6 6. Be3 Ng4 7. Bg5 Nc6 8. f3 Nge5 9. Qd2 h6 10. Be3 e6 11. 0-0-0 Be7 12. Be2 Qc7 13. g4 Na5 14. f4 Nec4 15. Bxc4 Nxc4 16. Qd3 Nxe3 17. Qxe3 b5 18. e5 dxe5 19. Qxe5 Qxe5 20. fxe5 Bb7 21. Rhe1 Bg5+ 22. Kb1 Bf4 23. Ne4 Ke7 24. Nc5 Bd5 25. Nf3 Rhc8 26. Ne4 Rc7 27. Rd4 Rc4 28. Rxc4 bxc4 29. Ned2 Rb8 30. c3 Rd8 31. a3 a5 32. Re2 f6 33. Ka1 Kf7 34. h4 Bxf3 35. Nxf3 Rd1+ 36. Ka2 Rf1 37. Nd2 Bxe5 38. Nxf1 1-0

[Event "South America-ch U14 13th"]
[Site "Santiago de Chile"]
[Date "2016.12.02"]
[Round "3"]
[White "Suarez, Mauricio Josue"]
[Black "Sandoval Blanco, Sebastian"]
[Result "1-0"]
[WhiteElo "1993"]
[BlackElo "1823"]
[PlyCount "51"]
[EventDate "2016.12.01"]
[EventType "swiss"]
[EventRounds "9"]
[EventCountry "CHI"]
[SourceTitle "EXT 2018"]
[Source "ChessBase"]
[SourceDate "2017.10.13"]
[SourceVersion "1"]
[SourceVersionDate "2017.10.13"]
[SourceQuality "1"]

1. e4 c5 2. Nf3 d6 3. d4 cxd4 4. Nxd4 Nf6 5. Nc3 a6 6. Be3 e5 7. Nb3 Be6 8. f3 Be7 9. Qd2 Qc7 10. g4 Nc6 11. 0-0-0 Rc8 12. Kb1 0-0 13. h4 b5 14. Bh3 b4 15. Nd5 Bxd5 16. exd5 Na7 17. g5 Nd7 18. Bxd7 Qxd7 19. Bxa7 Qxa7 20. Qxb4 Rb8 21. Qa3 Qb6 22. Na5 Rfc8 23. Nc6 Rb7 24. Rd3 Rxc6 25. dxc6 Qxc6 26. Rc3 1-0

[Event "South America-ch U12 11th"]
[Site "Montevideo"]
[Date "2014.09.10"]
[Round "4"]
[White "Sandoval Blanco, Sebastian"]
[Black "Landa Medrano, Gabriel Aaron"]
[Result "0-1"]
[WhiteElo "1631"]
[BlackElo "1733"]
[PlyCount "88"]
[EventDate "2014.09.08"]
[EventType "swiss"]
[EventRounds "9"]
[EventCountry "URU"]
[SourceTitle "EXT 2016"]
[Source "ChessBase"]
[SourceDate "2015.10.08"]
[SourceVersion "1"]
[SourceVersionDate "2015.10.08"]
[SourceQuality "1"]

1. e4 c5 2. Nf3 d6 3. d4 cxd4 4. Nxd4 Nf6 5. Nc3 Nc6 6. Bc4 e6 7. Bb3 Be7 8. 0-0 0-0 9. Kh1 a6 10. f4 Qc7 11. Be3 Bd7 12. f5 Nxd4 13. Bxd4 e5 14. Be3 Bc6 15. Qf3 b5 16. Nd5 Bxd5 17. exd5 Rfe8 18. g4 Bf8 19. g5 e4 20. Qh3 Nd7 21. f6 Ne5 22. Bd4 Qc8 23. Qg2 Qg4 24. Qxg4 Nxg4 25. Rf4 Ne5 26. Rxe4 Nf3 27. Rg4 Re2 28. Bg1 Rae8 29. Rd1 R8e5 30. h4 gxf6 31. gxf6+ Kh8 32. Rf4 Rh5 33. Rd3 Nxh4 34. Rh3 Nf5 35. Rff3 Rg5 36. Bf2 h5 37. Bh4 Nxh4 38. Rxh4 Kh7 39. c4 Rxb2 40. cxb5 axb5 41. Rb4 Re5 42. Kg1 Bh6 43. Rxb5 Re1+ 44. Rf1 Be3+ 0-1

[Event "South America-ch U12 11th"]
[Site "Montevideo"]
[Date "2014.09.09"]
[Round "3"]
[White "Sousa, Alvaro Cristiano Mi"]
[Black "Sandoval Blanco, Sebastian"]
[Result "1/2-1/2"]
[WhiteElo "1699"]
[BlackElo "1631"]
[PlyCount "50"]
[EventDate "2014.09.08"]
[EventType "swiss"]
[EventRounds "9"]
[EventCountry "URU"]
[SourceTitle "EXT 2016"]
[Source "ChessBase"]
[SourceDate "2015.10.08"]
[SourceVersion "1"]
[SourceVersionDate "2015.10.08"]
[SourceQuality "1"]

1. d4 Nf6 2. c4 g6 3. Nc3 Bg7 4. e4 d6 5. Nf3 Nbd7 6. Bg5 c5 7. d5 a6 8. Be2 Rb8 9. 0-0 0-0 10. h3 h6 11. Bh4 Re8 12. Re1 Nh5 13. Nh2 Nf4 14. Bf3 Ne5 15. Bg3 Nxf3+ 16. Qxf3 Nh5 17. Rac1 Nxg3 18. Qxg3 e5 19. Rb1 b5 20. cxb5 axb5 21. b4 c4 22. Rbc1 Bd7 23. Nf1 Qb6 24. Ne3 Rbc8 25. Qf3 Qd4 1/2-1/2